| 000 | 00430nam a22001697a 4500 | ||
|---|---|---|---|
| 005 | 20180726142734.0 | ||
| 008 | 160625b xxu||||| |||| 00| 0 eng d | ||
| 020 | _a978-0-07-060394-3 | ||
| 041 | _aeng | ||
| 082 |
_b9978 _a658.3 |
||
| 100 |
_aFrench. Wendell L and others _92728 |
||
| 245 | _aOrganisational Development and Transformation | ||
| 260 |
_bTMH _adelhi |
||
| 300 | _a493p, | ||
| 650 |
_aManagement _9241 |
||
| 942 | _cBK | ||
| 999 |
_c3930 _d3929 |
||